Seth Green Filmography - Statistics

General Stats
  • This quiz has been taken 52 times
    14 since last reset
  • The average score is 34 of 255
Answer Stats
Type Year Name % Correct
TV Show 1999-Present Family Guy
67%
Video Game 2006 Family Guy Video Game!
67%
TV Show 2005-Present Robot Chicken
50%
TV Show 1981, 1999 Saturday Night Live
50%
TV Show 2005, 2008, 2009, 2016 American Dad!
33%
Film 2002 Austin Powers in Goldmember
33%
Film 1997 Austin Powers: International Man of Mystery
33%
Film 1999 Austin Powers: The Spy Who Shagged Me
33%
TV Show 1992 Batman: The Animated Series
33%
Film 2021 Black Friday
33%
Film 1992 Buffy the Vampire Slayer
33%
TV Show 1997-2000 Buffy the Vampire Slayer
33%
Film 2014 Guardians of the Galaxy
33%
TV Show 2018-2019 Guardians of the Galaxy
33%
Film 2017 Guardians of the Galaxy Vol. 2
33%
Film 2023 Guardians of the Galaxy Vol. 3
33%
TV Mini-Series 1990 It
33%
TV Show 2011, 2013 Mad
33%
TV Show 2000, 2001, 2002, 2005 MADtv
33%
Film 2009 Old Dogs
33%
TV Show 2009-2010 Star Wars: The Clone Wars
33%
TV Show 2014-2017 Teenage Mutant Ninja Turtles
33%
TV Show 2003-2004 That '70s Show
33%
TV Show 2009, 2010, 2013 The Cleveland Show
33%
Film 2003 The Italian Job
33%
TV Show 2017, 2022 The Simpsons
33%
Film 2022 Weird: The Al Yankovic Story
33%
TV Show 1999-2000 100 Deeds for Eddie McDowd
17%
TV Show 1985 ABC Afterschool Special
17%
TV Short 1987 Action Family
17%
Film 2018 A Futile and Stupid Gesture
17%
Film 1993 Airborne
17%
TV Show 1986 Amazing Stories
17%
Film 2001 America's Sweethearts
17%
TV Show 1999 Angel
17%
TV Show 2003 Aqua Teen Hunger Force
17%
Film 1993 Arcade
17%
Film 2020 aTypical Wednesday
17%
TV Show 2014 Avengers Assemble
17%
TV Show 1999-2001 Batman Beyond
17%
Film 2005 Be Cool
17%
TV Show 1993 Beverly Hills, 90210
17%
Film 1988 Big Business
17%
Film 1984 Billions for Boris
17%
Film 1997 Boys Life 2
17%
TV Show 2016 Broad City
17%
Film 1987 Can't Buy Me Love
17%
Film 1998 Can't Hardly Wait
17%
TV Show 2016 Castle
17%
Film 2019 Changeland
17%
TV Special 2012 Comedy Central Roast of Roseanne Barr
17%
TV Show 2015 Community
17%
TV Show 2013 Conan
17%
TV Show 2004, 2007 Crank Yankers
17%
TV Show 2017 Crazy Ex-Girlfriend
17%
TV Show 1998 Cybill
17%
TV Show 2013-2014 dads
17%
TV Show 2012 Dan Vs.
17%
Film 2018 Dear Dictator
17%
TV Mini-Series 2013 Delete
17%
Commercial 1985 Duncan Hines Cookies
17%
Film 2006 Electric Apricot: Quest for Festeroo
17%
Film 1998 Enemy of the State
17%
TV Show 2006, 2008 Entourage
17%
TV Show 1992 Evening Shade
17%
TV Show 2006 Four Kings
17%
TV Show 2012 Franklin & Bash
17%
TV Show 1989 Free Spirit
17%
Film 2019 Godzilla: King of the Monsters
17%
TV Show 1991 Good & Evil
17%
TV Show 2002-2004 Greg the Bunny
17%
TV Show 2007 Grey's Anatomy
17%
Film 2023 Hanky Panky
17%
Documentary Mini-Series 1995 Haunted Lives: True Ghost Stories
17%
TV Show 2008 Heroes
17%
Film 2016 Holidays
17%
TV Show 2012, 2013 Holliston
17%
TV Show 2012 How I Met Your Mother
17%
TV Show 2013-2015 Hulk and the Agents of S.M.A.S.H.
17%
Web Series 2013 Husbands
17%
TV Short 2016 Ice Age: The Great Egg-Scapade
17%
Film 1999 Idle Hands
17%
Film 2010 Iron Man 2
17%
TV Show 2004 Johnny Bravo
17%
Film 2001 Josie and the Pussycats
17%
Film 2001 Knockaround Guys
17%
Film 2015 Krampus
17%
TV Show 1990 Life Goes On
17%
Commercial 1986 Lionel Playworld Christmas
17%
Film 2024 Little Death
17%
TV Show 1997 Mad About You
17%
TV Show 2004 Married to the Kellys
17%
Film 2011 Mars Needs Moms
17%
TV Show 2016 Mary + Jane
17%
TV Show 2013 Men at Work
17%
Film 1990 Missing Parents
17%
TV Show 1989 Mr. Belvedere
17%
TV Show 2008 My Name Is Earl
17%
Film 1988 My Stepmother Is an Alien
17%
TV Show 2006 Ned's Declassified School Survival Guide
17%
Film 1995 Notes from Underground
17%
TV Film 1991 Our Shining Moment
17%
Film 2003 Party Monster
17%
TV Show 1997 Pearl
17%
TV Show 2012, 2013, 2014, 2025 Phineas and Ferb
17%
Film 1990 Pump Up the Volume
17%
TV Show 2003 Punk'd
17%
TV Show 2005 Punk'd
17%
Film 1987 Radio Days
17%
Film 2001 Rat Race
17%
TV Show 2008 Reno 911!
17%
TV Short 2007 Robot Chicken: Star Wars
17%
Short Film 2001 Rock Star 101
17%
Film 2004 Scooby-Doo 2: Monsters Unleashed
17%
TV Show 1993 seaQuest DSV
17%
TV Show 2004 Sesame Street
17%
Film 2008 Sex Drive
17%
Film 2013 Sexy Evil Genius
17%
Film 2019 Shazam!
17%
TV Show 1996 Something So Right
17%
TV Show 1986 Spenser: For Hire
17%
TV Show 2017 Star Wars: Rebels
17%
TV Show 1995 Step by Step
17%
Film 2005 Stewie Griffin: The Untold Story
17%
Film 1999 Stonebrook
17%
TV Show 1985 Tales from the Darkside
17%
TV Show 1997 Temporarily Yours
17%
Web Series 2024 That '90s Show
17%
TV Show 2006 The Andy Milonakis Show
17%
Film 2001 The Attic Expeditions
17%
Film 2005 The Best Man
17%
TV Show 1994 The Byrds of Paradise
17%
TV Show 1987 The Comic Strip
17%
TV Film 1993 The Day My Parents Ran Away
17%
Film 1992 The Double 0 Kid
17%
TV Show 1997 The Drew Carey Show
17%
TV Show 1988 The Facts of Life
17%
Film 1984 The Hotel New Hampshire
17%
Film 2014 The Identical
17%
Film 2017 The LEGO Batman Movie
17%
TV Show 2016 The Loud House
17%
TV Special 2006 The Secret Policeman's Ball
17%
Film 2012 The Story of Luke
17%
Film 2001 The Trumpet of the Swan
17%
Film 2006 The TV Set
17%
TV Show 2009 The Venture Bros.
17%
TV Show 1992 The Wonder Years
17%
TV Show 1993 The X-Files
17%
Film 1993 Ticks
17%
TV Show 2009 Titan Maximum
17%
Film 1996 To Gillian on Her 37th Birthday
17%
TV Show 2000 Tucker
17%
TV Show 2016 Ultimate Spider-Man
17%
TV Show 2010 Warren the Ape
17%
TV Show 2010 Warren the Ape
17%
TV Show 1994 Weird Science
17%
TV Show 2002 Whatever Happened to... Robot Jones?
17%
Web Series 2021-2024 What If...?
17%
Music Video 2006 White & Nerdy
17%
Commercial 1980s White Cloud Toilet Paper
17%
Film 1995 White Man's Burden
17%
TV Show 2005 Will & Grace
17%
Film 1986 Willy/Milly
17%
Film 2004 Without a Paddle
17%
Short Film 2015 Wrestling Isn't Wrestling
17%
TV Show 2009, 2014, 2016, 2019 WWE Raw
17%
Film 2014 Yellowbird
17%
TV Show 1984 Young People's Specials
17%
TV Show 2018 12 oz. Mouse
0%
Film TBA 86
0%
Web Series 2022 Alabama Jackson
0%
Short Film 2018 American Typecast
0%
TV Show 2018 Bobcat Goldthwait's Misfits & Monsters
0%
Film 2010 Brother's Justice
0%
Video Game 2016 Call of Duty: Infinite Warfare
0%
TV Show 1992 Camp Wilder
0%
TV Show 2020 Celebrity Family Feud
0%
TV Show 2022 Celebrity Game Face
0%
Web Series 2015 Con Man
0%
Web Series 2020-2021 Crossing Swords
0%
TV Show 2015, 2016 Dinner at Tiffani's
0%
TV Film 1988 Divided We Stand
0%
TV Show 2017 :Dryvrs
0%
Video Game 2012 Family Guy: Back to the Multiverse
0%
Video Game 2014 Family Guy: The Quest for Stuff
0%
Web Series 2023 Faster, Purple Worm! Kill! Kill!
0%
TV Short 2014 Fist-Man: Strongest of the Slab-Bodied Slab Lords
0%
Commercial 2022 General Motors
0%
Film TBA Grace Period
0%
TV Film 2015 Half-Shell Heroes: Blast to the Past
0%
TV Show 2024-2025 Hamster & Gretel
0%
Film TBA Harry and the Mutant Mid-Century Furniture
0%
Web Series 2019 Historical Roasts
0%
TV Show 2018 Hot Streets
0%
Web Series 2011 Issues
0%
Short Film 2013 Jazz Fever
0%
TV Show 2001 Jeopardy!
0%
Commercial 1997 Kodak Flexi-Clear
0%
Commercial 1997-1998 Kodak Gold Ultra
0%
Video Game 2015 LEGO Dimensions
0%
Commercial 1988 Lemon Joy
0%
Short Film 2011 Light Masters
0%
Web Series 2022 Love, Death & Robots
0%
Video Game 1992 Make My Video
0%
Video Game 2007 Mass Effect
0%
Video Game 2010 Mass Effect 2
0%
Video Game 2012 Mass Effect 3
0%
Video Game 2021 Mass Effect: Legendary Edition
0%
Commercial 1992 NERF Slingshot
0%
Short Film 1994 Nunzio's Second Cousin
0%
Video Game 1994 Playtoons
0%
Web Series 2021 Punky Brewster
0%
Commercial 1991 Rally's
0%
TV Show 2020 Rise of the Teenage Mutant Ninja Turtles
0%
TV Short 2012 Robot Chicken DC Comics Special
0%
TV Short 2015 Robot Chicken DC Comics Special 3: Magical Friendship
0%
TV Short 2014 Robot Chicken DC Comics Special II: Villains in Paradise
0%
TV Special 2025 Robot Chicken: Self-Discovery Special
0%
TV Short 2008 Robot Chicken: Star Wars Episode II
0%
TV Film 2010 Robot Chicken: Star Wars Episode III
0%
TV Show 2014 Saber
0%
Web Series 2012 Save the Supers
0%
TV Short 2021 Scooby-Doo, Where Are You Now!
0%
Web Series 2008-2009 Seth MacFarlane's Cavalcade of Cartoon Comedy
0%
TV Show 1994 Something Wilder
0%
TV Show 2022 Stargirl
0%
Web Series 2009 Star-ving
0%
TV Show 2012 Star Wars: Detours
0%
Web Series 2021, 2024 Star Wars: The Bad Batch
0%
Web Series 2011 Stoopid Monkey
0%
Video Game 1994 Storybook Weaver
0%
Video Game 2004 Storybook Weaver Deluxe
0%
Web Series 2015-2016 SuperMansion
0%
Web Series 2013-Present TableTop
0%
Web Series 2010 Team Unicorn
0%
Short Film 2010 Team Unicorn: G33K & G4M3R Girls
0%
Video Game 2016 Teenage Mutant Ninja Turtles: Portal Power
0%
TV Show 2025 The Conners
0%
Film 2025 The Floaters
0%
Web Series 2022 The Gimmicks
0%
TV Show 2005, 2009 The Girls Next Door
0%
TV Special 2024 The Great Kamino Kaper: A Live Staged Reading of Star Wars: Attack of the Clones
0%
Film TBA The Highest Stakes
0%
TV Show 2019 The Late Late Show with James Corden
0%
TV Show 2020 The Rookie
0%
TV Show 2007-2015 The Soup
0%
TV Short 2016 The Toycracker: A Mini-Musical Spectacular
0%
Music Video 2007 This Ain't a Scene, It's an Arms Race
0%
TV Show 2020 Twenties
0%
TV Short 2013 Übermansion
0%
TV Mini-Series 2017 Un Amor
0%
TV Short 2016 Van Diaries
0%
Video Game 2014 WATCH_DOGS
0%
Film 2019 Wednesdays
0%
Film 2020 Wednesdays
0%
No matching quizzes found
Score Distribution
Percent of People with Each Score
Percentile by Number Answered
Your Score History
You have not taken this quiz since the last reset